00578cam a2200145 a 4500020002800000020003500028040000800063082002600071245008700097260013000184300003400314650001900348700002200367710004300389 a0891950508 (alk. paper) a0891950516 (pbk. : alk. paper) cDLC00a361 DIS 1990 A073 Or.00aAgenda for empowerment :breadings in American government and the policy process / aWashington, D.C. :bHeritage Foundation ;aLanham, MD :bDistributed by arrangement with University Press of America,cc1990. avii, 229 p. :bill. ;c24 cm. 0aHuman services1 aButler, Stuart M.2 aHeritage Foundation (Washington, D.C.)